| 000 | 04971nam a22018854i 4500 | ||
|---|---|---|---|
| 003 | PE-LiUPU | ||
| 005 | 20250813165406.0 | ||
| 008 | 160120s2015 sp r 100 0 spadd | ||
| 020 |
_a8497285476 _q(obra completa) |
||
| 020 |
_a8497285484 _q(v. 1) |
||
| 020 |
_a8497285492 _q(v. 2) |
||
| 020 |
_a8497285506 _q(v. 3) |
||
| 020 |
_a9788497285476 _q(obra completa) |
||
| 020 |
_a9788497285483 _q(v. 1) |
||
| 020 |
_a9788497285490 _q(v. 2) |
||
| 020 |
_a9788497285506 _q(v. 3) |
||
| 035 | _a(Sirsi) i9788497285476 | ||
| 040 |
_aSPSFM _bspa _cSPSFM |
||
| 082 | 0 | 4 |
_a624.09 _bA2 |
| 111 | 2 |
_aCongreso Nacional de la Historia de la Construcción _n(9°. _d2015. _cSegovia) |
|
| 245 | 1 | 0 |
_aActas del Noveno Congreso Nacional y Primer Congreso Internacional Hispanoamericano de Historia de la Construcción : _bSegovia, 13-17 de octubre de 2015 / _cedición a cargo de Santiago Huerta, Paula Fuentes. |
| 264 | 1 |
_aMadrid : _bInstituto Juan de Herrera, _c2015. |
|
| 300 |
_a3 volumenes : _bilustraciones ; _c24 centímetros |
||
| 526 | _aP203 | ||
| 526 | _aP200 | ||
| 526 | _aSEG65 | ||
| 526 | _aSEG64 | ||
| 526 | _aSEG63 | ||
| 526 | _aSEG62 | ||
| 526 | _aSEG61 | ||
| 526 | _aSEG60 | ||
| 526 | _aSEG59 | ||
| 526 | _aSEG58 | ||
| 526 | _aSEG57 | ||
| 526 | _aSEG56 | ||
| 526 | _aSEG55 | ||
| 526 | _aSEG54 | ||
| 526 | _aSEG53 | ||
| 526 | _aSEG52 | ||
| 526 | _aSEG51 | ||
| 526 | _aSEG50 | ||
| 526 | _aSEG49 | ||
| 526 | _aSEG48 | ||
| 526 | _aSEG47 | ||
| 526 | _aSEG46 | ||
| 526 | _aSEG24 | ||
| 526 | _aSEG23 | ||
| 526 | _aSEG22 | ||
| 526 | _aSEG21 | ||
| 526 | _aSEG20 | ||
| 526 | _aSEG19 | ||
| 526 | _aSEG18 | ||
| 526 | _aSEG17 | ||
| 526 | _aSEG16 | ||
| 526 | _aSEG14 | ||
| 526 | _aSEG13 | ||
| 526 | _aSEG12 | ||
| 526 | _aSEG11 | ||
| 526 | _aSEG10 | ||
| 526 | _aSEG09 | ||
| 526 | _aSEG06 | ||
| 526 | _aSEG05 | ||
| 526 | _aSEG04 | ||
| 526 | _aSEG03 | ||
| 526 | _aSEG02 | ||
| 526 | _aSEG68 | ||
| 526 | _aSEG66 | ||
| 526 | _aSEG45 | ||
| 526 | _aSEG25 | ||
| 526 | _aSEG01 | ||
| 526 | _aP163 | ||
| 526 | _aP162 | ||
| 526 | _aP161 | ||
| 526 | _aP160 | ||
| 526 | _aP159 | ||
| 526 | _aP158 | ||
| 526 | _aP157 | ||
| 526 | _aP156 | ||
| 526 | _aP155 | ||
| 526 | _aP154 | ||
| 526 | _aP153 | ||
| 526 | _aP152 | ||
| 526 | _aP151 | ||
| 526 | _aP150 | ||
| 526 | _aP149 | ||
| 526 | _aP142 | ||
| 526 | _aP141 | ||
| 526 | _aP140 | ||
| 526 | _aP139 | ||
| 526 | _aP138 | ||
| 526 | _aP137 | ||
| 526 | _aP132 | ||
| 526 | _aP131 | ||
| 526 | _aP130 | ||
| 526 | _aP126 | ||
| 526 | _aP125 | ||
| 526 | _aP124 | ||
| 526 | _aP123 | ||
| 526 | _aP115 | ||
| 526 | _aP122 | ||
| 526 | _aP121 | ||
| 526 | _aP116 | ||
| 526 | _a P114 | ||
| 526 | _aP112 | ||
| 526 | _aP111 | ||
| 526 | _aP104 | ||
| 526 | _aP103 | ||
| 526 | _aP102 | ||
| 526 | _aP101 | ||
| 526 | _aP100 | ||
| 526 | _aP96 | ||
| 526 | _aP95 | ||
| 526 | _aP93 | ||
| 526 | _aP92 | ||
| 526 | _aP91 | ||
| 526 | _aP88 | ||
| 526 | _aP83 | ||
| 526 | _aP82 | ||
| 526 | _aP79 | ||
| 526 | _aP78 | ||
| 526 | _aP75 | ||
| 526 | _aP74 | ||
| 526 | _aP71 | ||
| 526 | _aP69 | ||
| 526 | _a P51 | ||
| 526 | _aP49 | ||
| 526 | _aP48 | ||
| 526 | _aP47 | ||
| 526 | _aP33 | ||
| 526 | _aP31 | ||
| 526 | _a P30 | ||
| 526 | _aP29 | ||
| 526 | _aP27 | ||
| 526 | _aP26 | ||
| 526 | _aP25 | ||
| 526 | _aP24 | ||
| 526 | _a P22 | ||
| 526 | _aP10 | ||
| 526 | _aP09 | ||
| 526 | _a P08 | ||
| 526 | _aP06 | ||
| 526 | _aP05 | ||
| 526 | _aP04 | ||
| 526 | _aP01 | ||
| 650 | 1 | 4 |
_aConstrucción _xHistoria _vCongresos. |
| 700 | 1 |
_aFuentes, Paula, _eeditor. |
|
| 700 | 1 |
_aHuerta, Santiago, _eeditor. |
|
| 711 | 2 |
_aCongreso Internacional Hispanoamericano de Historia de la Construcción _n(1°. _d2015. _cSegovia) |
|
| 910 |
_ajck _bebj _cebj _d20161116 |
||
| 942 |
_2ddc _cBOOK |
||
| 949 |
_a624.09 A2 1 _wDEWEY _c1 _i74987 _lCCODEBUL1 _mBUL _p15.00 _r0 _sY _tBOOK _u2016-11-21 _xINGENIERIA _PP06 _0COMPRA _o.STAFF. Colección General |
||
| 949 |
_a624.09 A2 2 _wDEWEY _c1 _i74988 _lCCODEBUL1 _mBUL _p15.00 _r0 _sY _tBOOK _u2016-11-21 _xINGENIERIA _PP06 _0COMPRA _o.STAFF. Colección General |
||
| 949 |
_a624.09 A2 3 _wDEWEY _c1 _i74989 _lCCODEBUL1 _mBUL _p15.00 _r0 _sY _tBOOK _u2016-11-21 _xINGENIERIA _PP06 _0COMPRA _o.STAFF. Colección General |
||
| 994 |
_aC0 _bPEPRU |
||
| 596 | _a1 | ||
| 999 |
_a624.09 A2 1 _wDEWEY _c14029 _i74987 _f2021-11-9 _g7 _lCCODEBUL1 _mBUL _p15.00 _r0 _sY _tBOOK _u2016-11-21 _xINGENIERIA _PP06 _0COMPRA _o.STAFF. Colección General _d14029 |
||
| 999 |
_a624.09 A2 2 _wDEWEY _c1 _i74988 _d2018-9-17 _f2021-11-9 _g7 _lCCODEBUL1 _mBUL _p15.00 _q1 _r0 _sY _tBOOK _u2016-11-21 _xINGENIERIA _PP06 _0COMPRA _o.STAFF. Colección General |
||
| 999 |
_a624.09 A2 3 _wDEWEY _c1 _i74989 _f2021-11-9 _g7 _lCCODEBUL1 _mBUL _p15.00 _r0 _sY _tBOOK _u2016-11-21 _xINGENIERIA _PP06 _0COMPRA _o.STAFF. Colección General |
||
| 980 |
_81 _gALBERTO SANCHEZ Responsable de Automatización |
||